Central Library OPAC University of Rajshahi

Children's catalog : (Record no. 1538)

MARC details
000 -LEADER
fixed length control field 00830nam a22002417a 4500
001 - CONTROL NUMBER
control field 1538
003 - CONTROL NUMBER IDENTIFIER
rucl marc code BD-RjUL
005 - DATE AND TIME OF LATEST TRANSACTION
control field 20211208233344.0
008 - FIXED-LENGTH DATA ELEMENTS--GENERAL INFORMATION
fixed length control field 131208b1956 nyu||||| |||| 00| 0 eng d
035 ## - SYSTEM CONTROL NUMBER
System control number (BD-RjUL)1563
040 ## - CATALOGING SOURCE
Original cataloging agency BD-RjUL
Language of cataloging eng
Transcribing agency BD-RjUL
Modifying agency BD-RjUL
041 ## - LANGUAGE CODE
Language code of text/sound track or separate title eng
082 ## - DEWEY DECIMAL CLASSIFICATION NUMBER
Edition number 22
Classification number 011.62
Author mark and year CHI 1956
245 ## - TITLE STATEMENT
Title Children's catalog :
Remainder of title a dictionary catalog of 3204 books recommended for public and school libraries with an author, title and subject index /
Statement of responsibility, etc. compiled by Marion L. McConnell, Dorothy Herbert West.
260 ## - PUBLICATION, DISTRIBUTION, ETC. (IMPRINT)
Place of publication, distribution, etc. New York :
Name of publisher, distributor, etc. H.W. Wilson,
Date of publication, distribution, etc. 1956
300 ## - PHYSICAL DESCRIPTION
Pagination xii, 852 p.
Size 25 cm.
504 ## - BIBLIOGRAPHY, ETC. NOTE
Bibliography, etc Includes Index
650 ## - SUBJECT ADDED ENTRY--TOPICAL TERM
Topical term or geographic name as entry element Children's literature.
9 (RLIN) 5081
Topical term or geographic name as entry element Bibliography.
9 (RLIN) 5082
700 ## - ADDED ENTRY--PERSONAL NAME
Personal name McConnell, Marion L.
Personal name Herbert West,Dorothy
942 ## - ADDED ENTRY ELEMENTS (KOHA)
Source of classification or shelving scheme Dewey Decimal Classification
Koha item type Books
Holdings
Lost status Source of classification or shelving scheme Damaged status Not for loan Collection code Permanent Location Current Location Shelving location Date acquired Source of acquisition Total Checkouts Full call number Date last seen Copy number Koha item type
  Dewey Decimal Classification   Not For Loan Non-fiction Central Library, University of Rajshahi Central Library, University of Rajshahi Reading Room 04/05/1965 Zeitliger   011.62 CHI 1956 08/12/2013 C-1 Books
  Dewey Decimal Classification     Non-fiction Central Library, University of Rajshahi Central Library, University of Rajshahi   04/05/1965 Zeitliger   011.62 CHI 1956 08/12/2013 C-2 Books